Riešenie regionálnych disparít v ekonomike prostredníctvom ekonomického vzdelávania
Regionálna politika štátu. Regionálne disparity ako príčiny sociálnych a politických problémov. Ekonomické vzdelávanie ako nástroj regionálnej politiky. Témy a tematické okruhy, ktoré by mali tvoriť obsah povinného všeobecného ekonomického vzdelávania na stredných školách.
Salvato in:
| Autore principale: | |
|---|---|
| Natura: | Capitolo di libro |
| Lingua: | slovacco |
| Soggetti: | |
| Tags: |
Nessun Tag, puoi essere il primo ad aggiungerne!!
|
MARC
| LEADER | 00000nla$a2200000$$$4500 | ||
|---|---|---|---|
| 001 | 0067497 | ||
| 005 | 20240502071819.1 | ||
| 041 | 0 | |a slo | |
| 044 | |a SK | ||
| 245 | 1 | 0 | |a Riešenie regionálnych disparít v ekonomike prostredníctvom ekonomického vzdelávania |c Jaromír Novák |
| 520 | |a Regionálna politika štátu. Regionálne disparity ako príčiny sociálnych a politických problémov. Ekonomické vzdelávanie ako nástroj regionálnej politiky. Témy a tematické okruhy, ktoré by mali tvoriť obsah povinného všeobecného ekonomického vzdelávania na stredných školách. | ||
| 610 | 2 | 0 | |a politika regionálna |
| 610 | 2 | 0 | |a rozvoj regionálny |
| 610 | 2 | 0 | |a podnikanie |
| 610 | 2 | 0 | |a vzdelávanie |
| 610 | 2 | 0 | |a školy stredné |
| 610 | 2 | 0 | |a školy základné |
| 610 | 2 | 0 | |a školy odborné |
| 100 | 1 | |a Novák, Jaromír, 1978- | |